| 000 | 01075nas a2200325 4500 | ||
|---|---|---|---|
| 001 | BR2022000874 | ||
| 003 | BR-BrBNA | ||
| 005 | 20231205132318.0 | ||
| 007 | ta | ||
| 008 | 230509b bl.|||p| |||| 00| 00por d | ||
| 040 |
_aBR-BrBNA _bpor _cBiblioteca Nacional de Agricultura |
||
| 041 | _a(Pt) | ||
| 072 | _aL53 | ||
| 100 | 1 | _aSales, A.L.R. | |
| 100 | 1 | _aGonczarowska, A.T. | |
| 100 | 1 | _aCarvalho, L.E. | |
| 100 | 1 | _aPalhares, M.S. | |
| 100 | 1 | _aRossi, R. | |
| 100 | 1 | _aSilva Filho, J.M. | |
| 245 | 1 | _aEfeito do tipo de envase, flatpacks ou palhetas, sobre a criopreservação da fração rica do sêmen asinino | |
| 650 | _aJUMENTO | ||
| 650 | _aBIOTECNOLOGIA | ||
| 650 | _aREPRODUÇÃO ANIMAL | ||
| 650 | _aSÊMEN | ||
| 650 | _aCRIOPRESERVAÇÃO | ||
| 773 | 0 |
_tArquivo Brasileiro de Medicina Veterinária e Zootecnia (Brazil) _xISSN 1678-4162 _g(2015), v. 67(4) p. 1016-1024 _wBR2022000874 |
|
| 856 | 4 | 0 | _uhttps://www.scielo.br/j/abmvz/a/ZYFCzT5TZQQX3SgcvzvmwnR/?format=pdf lang=pt |
| 909 |
_a202311 _bLúcia _c55 _dLúcia Elande |
||
| 942 |
_2AGRIS _n0 _cANA |
||
| 999 |
_c259631 _d259631 |
||